María / (Registro nro. 9303)

Detalles MARC
000 -LEADER
fixed length control field 00706nam a2200277 a 4500
001 - CONTROL NUMBER
control field 000000369
003 - CONTROL NUMBER IDENTIFIER
control field DO-SdBNP
005 - DATE AND TIME OF LATEST TRANSACTION
control field 20180130141724.0
007 - PHYSICAL DESCRIPTION FIXED FIELD--GENERAL INFORMATION
fixed length control field 000000369
008 - FIXED-LENGTH DATA ELEMENTS--GENERAL INFORMATION
fixed length control field 081112s 19uu sp 000 f spa d
020 ## - INTERNATIONAL STANDARD BOOK NUMBER
International Standard Book Number
040 ## - CATALOGING SOURCE
Original cataloging agency BPMSU
Language of cataloging spa
Transcribing agency BPMSU
100 1# - MAIN ENTRY--PERSONAL NAME
Personal name Isaac, Jorge,
Dates associated with a name 1837-1895
245 10 - TITLE STATEMENT
Title María /
Statement of responsibility, etc. Jorge Isaac.
250 ## - EDITION STATEMENT
Edition statement
260 ## - PUBLICATION, DISTRIBUTION, ETC. (IMPRINT)
Place of publication, distribution, etc. Bilvao, España :
Name of publisher, distributor, etc. Maves
Date of publication, distribution, etc. [190?]
300 ## - PHYSICAL DESCRIPTION
Extent 69 p. ;
Dimensions 23 cm.
490 1# - SERIES STATEMENT
Series statement Libros juveniles
Volume/sequential designation 7
650 #4 - SUBJECT ADDED ENTRY--TOPICAL TERM
Topical term or geographic name as entry element NOVELA COLOMBIANA
650 #4 - SUBJECT ADDED ENTRY--TOPICAL TERM
Topical term or geographic name as entry element LITERATURA COLOMBIANA
830 #0 - SERIES ADDED ENTRY--UNIFORM TITLE
Name of part/section of a work Libros juveniles
Volume number/sequential designation 7
910 ## - USER-OPTION DATA (OCLC)
User-option data
942 ## - ADDED ENTRY ELEMENTS (KOHA)
Source of classification or shelving scheme Dewey Decimal Classification
Koha item type Libros
945 ## - LOCAL PROCESSING INFORMATION (OCLC)
a Inventariado, 2018 /LP
956 ## - LOCAL ELECTRONIC LOCATION AND ACCESS (OCLC)
Host name VMATEO
Access number 10
Compression information 20160318
Logon BPMSU
Processor of request 00069
Existencias
Withdrawn status Lost status Source of classification or shelving scheme Damaged status Not for loan Collection code Home library Current library Date acquired Source of acquisition Total Checkouts Barcode Date last seen Price effective from Koha item type
    Dewey Decimal Classification     Colección General Biblioteca Pública Metropolitana Salomé Ureña Biblioteca Pública Metropolitana Salomé Ureña 03/18/2016 FUNDI   BPMSU16030183 03/18/2016 03/18/2016 Libros